Undang-undang Umum : Perlembagaan Persekutuan Bahagian III,IV & VI(semua pindaan hingga Februari,1995).
| Format: | Book |
|---|---|
| Published: |
Kuala Lumpur:
MDC,
1995.
|
| Subjects: |
| LEADER | 00488cam a2200157 7i4500 | ||
|---|---|---|---|
| 001 | 0000003158 | ||
| 005 | 19991025090000.0 | ||
| 002 | ##000004497 | ||
| 020 | 0 | 0 | |a 967-70-0276-7 |
| 090 | 0 | 0 | |a M 344.01252 |b UND |
| 245 | 0 | 0 | |a Undang-undang Umum : |b Perlembagaan Persekutuan Bahagian III,IV & VI(semua pindaan hingga Februari,1995). |
| 260 | 0 | 0 | |a Kuala Lumpur: |b MDC, |c 1995. |
| 300 | 0 | 0 | |a 380 p.. |
| 650 | 0 | 0 | |a Pensions law |
| 651 | 0 | 0 | |a Malaysia |
| 999 | |a 0000004672 |b Book |c Open shelf |e Business Information Centre | ||


